| 000 | 00601nam a2200193 a 4500 | ||
|---|---|---|---|
| 005 | 20140310183429.0 | ||
| 008 | 071206s19uu xx uuu eng d | ||
| 020 | _a978-0-240-80838-3 | ||
| 050 |
_aTR 267 _b.F36 2007 |
||
| 100 | _aFarace, Joe | ||
| 245 |
_aGetting started with digital imaging : _btips, tools, and techniques for photographers / |
||
| 260 |
_aU.S.A : _bFocal Press, _c2007. |
||
| 300 |
_a279 p. : _bcol. ill. ; _c30 cm. |
||
| 521 | _aMA | ||
| 650 |
_aPhotography _xDigital techniques. |
||
| 650 |
_aImage processing _xDigital techniques. |
||
| 942 |
_cBK _2lcc _kFOR |
||
| 999 |
_c22702 _d22702 |
||